000 00662nam a2200217Ia 4500
001 107
003 GE_BSU
008 181216s||||||||xx |||||||||||||| ||und||
040 _cGE_BSU
080 _aUDC56(075.8)
100 _aღონღაძე, გურამ
245 _aპალეონტოლოგია
245 _bლექციების კურსი
260 _aთბილისი
260 _bთბილისის უნივერსიტეტის გამომცემლობა
260 _c2008
300 _a135
541 _h20ლ.
653 _aპალეონტოლოგია
942 _cBK
999 _c34405
_d34405